Teorie racionální volby Jamese Colemana
Život Jamesa Colemana. Najznámejšie diela. Teória racionálnej voľby.
Salvato in:
| Autore principale: | |
|---|---|
| Natura: | Capitolo di libro |
| Lingua: | ceco |
| Soggetti: | |
| Tags: |
Nessun Tag, puoi essere il primo ad aggiungerne!!
|
MARC
| LEADER | 00000naa a2200000 4500 | ||
|---|---|---|---|
| 001 | 0178576 | ||
| 005 | 20220411093808.8 | ||
| 041 | 0 | |a cze | |
| 044 | |a CZ | ||
| 245 | 1 | 0 | |a Teorie racionální volby Jamese Colemana |c Marek Loužek |
| 520 | |a Život Jamesa Colemana. Najznámejšie diela. Teória racionálnej voľby. | ||
| 610 | 2 | 0 | |a teória očakávaní racionálnych |
| 610 | 2 | 0 | |a osobnosť |
| 610 | 2 | 0 | |a veda ekonomická |
| 610 | 2 | 0 | |a dejiny myslenia ekonomického |
| 610 | 2 | 0 | |a Coleman, James |
| 100 | 1 | |a Loužek, Marek | |